[Event "Montreal op"]
[Site "Montreal CAN"]
[Date "2013.09.06"]
[Round "1"]
[White "Sambuev, Bator"]
[Black "Cardona, Misael"]
[Result "1-0"]
[WhiteElo "2562"]
[BlackElo "2109"]
[PlyCount "53"]
[GameId "2160767909229520"]
[EventDate "2013.09.06"]
[EventType "swiss"]
[EventRounds "5"]
[EventCountry "CAN"]
[SourceTitle "hb 2013"]

1. d4 f5 2. c4 Nf6 3. Nc3 d6 4. Nh3 g6 5. Nf4 Bg7 6. h4 Nc6 7. d5 Ne5 8. h5 c6 9. h6 Bf8 10. b3 Qb6 11. Be3 Qa5 12. Bd2 Qb6 13. e3 Nfg4 14. c5 Qxc5 15. Na4 Qa3 16. Bc3 b5 17. Qd2 a5 18. Nb6 Rb8 19. Nxc8 Rxc8 20. f3 Nxh6 21. Ne6 cxd5 22. Bxb5+ Kf7 23. Qxd5 Rxc3 24. Nc7+ Kf6 25. Ne8+ Kg5 26. f4+ Kg4 27. Be2+ 1-0

[Event "Montreal op"]
[Site "Montreal CAN"]
[Date "2013.09.06"]
[Round "1"]
[White "Trahan, Daniel"]
[Black "Gueorguiev, Valentin"]
[Result "1-0"]
[WhiteElo "2115"]
[BlackElo "1887"]
[PlyCount "101"]
[GameId "2160767909229521"]
[EventDate "2013.09.06"]
[EventType "swiss"]
[EventRounds "5"]
[EventCountry "CAN"]
[SourceTitle "hb 2013"]

1. d4 g6 2. e4 Bg7 3. c4 c5 4. Nf3 Nc6 5. Be3 Qa5+ 6. Nc3 Nf6 7. Qd2 cxd4 8. Nxd4 Nxe4 9. Nxe4 Qxd2+ 10. Kxd2 Nxd4 11. c5 Nf5 12. Rb1 Nxe3 13. fxe3 b6 14. b4 Bb7 15. Ng5 h6 16. Nf3 Bd5 17. a3 bxc5 18. bxc5 O-O 19. Ba6 Rab8 20. Rb4 Rfd8 21. Rc1 Bc6 22. Ke2 Rxb4 23. axb4 Rb8 24. Rb1 d6 25. Nd4 Be4 26. Rc1 dxc5 27. bxc5 Rb2+ 28. Ke1 Be5 29. c6 Bxh2 30. c7 Bg3+ 31. Kd1 Bxc7 32. Rxc7 e5 33. Nf3 Bxf3+ 34. gxf3 Rf2 35. Bb7 a5 36. Bd5 h5 37. Rxf7 Kh8 38. Be4 Rg2 39. Ke1 h4 40. Kf1 Rg3 41. Kf2 Rg5 42. Ra7 h3 43. Rxa5 Rh5 44. Ra1 Kg7 45. Rh1 Kf6 46. Kg3 Rh8 47. Rxh3 Rg8 48. Rh2 Kg5 49. Rd2 Rg7 50. Rd6 Rg8 51. Re6 1-0

[Event "Montreal op"]
[Site "Montreal CAN"]
[Date "2013.09.06"]
[Round "1"]
[White "Yu, Zong Yang"]
[Black "Kleinman, Michael"]
[Result "0-1"]
[WhiteElo "2070"]
[BlackElo "2292"]
[PlyCount "60"]
[GameId "2160767909229522"]
[EventDate "2013.09.06"]
[EventType "swiss"]
[EventRounds "5"]
[EventCountry "CAN"]
[SourceTitle "hb 2013"]

1. d4 Nf6 2. Nf3 g6 3. Nbd2 d5 4. e3 Bg7 5. Bd3 O-O 6. O-O c5 7. c3 Nbd7 8. b4 b6 9. Bb2 Qc7 10. Qb1 Bb7 11. Rc1 c4 12. Bc2 b5 13. a4 a6 14. Re1 Rfe8 15. axb5 axb5 16. Rxa8 Rxa8 17. Bc1 Ra7 18. e4 dxe4 19. Nxe4 Nxe4 20. Bxe4 Nf6 21. Bxb7 Qxb7 22. Qc2 Nd5 23. Ng5 Qa8 24. Ne4 Ra2 25. Bb2 Nf4 26. f3 Nd3 27. Rb1 e5 28. dxe5 Bxe5 29. Nc5 Qa7 30. Kh1 Nxb2 0-1

[Event "Montreal op"]
[Site "Montreal CAN"]
[Date "2013.09.06"]
[Round "1"]
[White "Zhou, Qiyu"]
[Black "Masse, Hugues"]
[Result "1/2-1/2"]
[WhiteElo "2007"]
[BlackElo "2169"]
[PlyCount "58"]
[GameId "2160767909229523"]
[EventDate "2013.09.06"]
[EventType "swiss"]
[EventRounds "5"]
[EventCountry "CAN"]
[SourceTitle "hb 2013"]

1. e4 c5 2. Nf3 d6 3. d4 cxd4 4. Nxd4 Nf6 5. Nc3 a6 6. Be3 e5 7. Nb3 Be6 8. h3 Be7 9. Qf3 b5 10. g4 b4 11. Nd5 Nxd5 12. exd5 Bc8 13. Bd3 a5 14. Nd2 Ba6 15. Nc4 Nd7 16. b3 Qc7 17. O-O O-O 18. Kh2 Nc5 19. Bxc5 Qxc5 20. Qe4 g6 21. f4 Bxc4 22. bxc4 Qd4 23. Qxd4 exd4 24. Rae1 Bf6 25. g5 Bg7 26. Re7 Rfe8 27. Rfe1 Kf8 28. Rxe8+ Rxe8 29. Rxe8+ Kxe8 1/2-1/2

[Event "Montreal op"]
[Site "Montreal CAN"]
[Date "2013.09.07"]
[Round "2"]
[White "Barre, Michel"]
[Black "Vidal, Llewellyn"]
[Result "1-0"]
[WhiteElo "1956"]
[BlackElo "2102"]
[PlyCount "127"]
[GameId "2160767909229524"]
[EventDate "2013.09.06"]
[EventType "swiss"]
[EventRounds "5"]
[EventCountry "CAN"]
[SourceTitle "hb 2013"]

1. e4 c5 2. Nc3 Nc6 3. f4 e6 4. Nf3 d5 5. e5 Bd7 6. Bb5 a6 7. Bxc6 Bxc6 8. d4 Nh6 9. Ne2 Nf5 10. c3 Rc8 11. O-O h5 12. Kh1 Bb5 13. a4 Bc4 14. Re1 Qb6 15. a5 Qa7 16. dxc5 Bxc5 17. Ned4 Nxd4 18. cxd4 Be7 19. b3 Bb5 20. Ba3 Bxa3 21. Rxa3 O-O 22. b4 Rc4 23. Qb1 g6 24. Ng5 Kg7 25. Rg3 Be8 26. Nf3 f5 27. Rc1 Rxd4 28. Rc7+ Rf7 29. Rxf7+ Kxf7 30. Nxd4 Qxd4 31. Rf3 Qd2 32. Kg1 Bb5 33. h4 d4 34. Rf2 Qe3 35. Qc2 Qe1+ 36. Kh2 Bc6 37. Qd2 Qe4 38. Re2 Qd5 39. Re1 d3 40. Rc1 Ke8 41. Rd1 Qe4 42. Re1 Qd4 43. Kg3 Kd7 44. Rd1 Bb5 45. Rc1 Bc4 46. Qf2 Qd5 47. Rd1 Bb3 48. Rd2 Bc2 49. Qb6 Qc6 50. Qd4+ Qd5 51. Qxd5+ exd5 52. Kf2 d4 53. Ke1 Ke6 54. Rf2 Kd5 55. Kd2 Kc4 56. e6 Ba4 57. e7 Bb5 58. Rf3 Kxb4 59. Rxd3 Kc4 60. Ra3 Kd5 61. Rb3 Bd7 62. Rxb7 Ke6 63. Kd3 Kxe7 64. Kxd4 1-0

[Event "Montreal op"]
[Site "Montreal CAN"]
[Date "2013.09.07"]
[Round "2"]
[White "Beaulieu, Eric"]
[Black "Trahan, Daniel"]
[Result "1/2-1/2"]
[WhiteElo "2252"]
[BlackElo "2115"]
[PlyCount "90"]
[GameId "2160767909229525"]
[EventDate "2013.09.06"]
[EventType "swiss"]
[EventRounds "5"]
[EventCountry "CAN"]
[SourceTitle "hb 2013"]

1. d4 Nf6 2. Nf3 e6 3. c4 b6 4. g3 Ba6 5. b3 Bb4+ 6. Bd2 Be7 7. Nc3 c6 8. Bg2 d5 9. cxd5 cxd5 10. Ne5 Bb7 11. O-O O-O 12. Rb1 Na6 13. Nb5 Nd7 14. Nd3 Bc6 15. Nc3 Nb4 16. Ne1 a5 17. a3 Na6 18. Qc1 Rc8 19. Qb2 Nc7 20. Nf3 Nb5 21. Nxb5 Bxb5 22. Bf4 g5 23. Be3 f5 24. Qd2 h6 25. b4 axb4 26. axb4 Bd6 27. Qd1 Qe7 28. Bd2 Rc4 29. Qb3 Rfc8 30. e3 Rc2 31. Rfc1 Rxc1+ 32. Rxc1 Rxc1+ 33. Bxc1 Bxb4 34. Bd2 Bxd2 35. Qxb5 Bb4 36. h3 Bd6 37. Bf1 Qd8 38. Bd3 Kg7 39. Kg2 Qc7 40. h4 g4 41. Ng1 Nf6 42. Ne2 Ne4 43. Qe8 Qe7 44. Qc6 Qc7 45. Qe8 Qe7 1/2-1/2

[Event "Montreal op"]
[Site "Montreal CAN"]
[Date "2013.09.07"]
[Round "2"]
[White "Cardona, Misael"]
[Black "Nunez, Omar"]
[Result "1-0"]
[WhiteElo "2109"]
[BlackElo "1993"]
[PlyCount "53"]
[GameId "2160767909229526"]
[EventDate "2013.09.06"]
[EventType "swiss"]
[EventRounds "5"]
[EventCountry "CAN"]
[SourceTitle "hb 2013"]

1. d4 Nf6 2. c4 c5 3. d5 g6 4. Nc3 d6 5. e4 Bg7 6. h3 O-O 7. Nf3 Na6 8. Bd3 Nc7 9. O-O a6 10. a4 Rb8 11. Re1 e5 12. dxe6 fxe6 13. e5 dxe5 14. Ng5 Bd7 15. Be3 b6 16. a5 bxa5 17. Nce4 Nxe4 18. Bxe4 Rxb2 19. Nxh7 Kxh7 20. Qh5+ Kg8 21. Bxg6 Re8 22. Bxc5 Re7 23. Qh7+ Kf8 24. Ra3 Ne8 25. Rf3+ Nf6 26. Rxf6+ Bxf6 27. Qf7# 1-0

[Event "Montreal op"]
[Site "Montreal CAN"]
[Date "2013.09.07"]
[Round "2"]
[White "Corriveau, Philippe"]
[Black "Libersan, Thierry"]
[Result "0-1"]
[WhiteElo "2048"]
[BlackElo "2143"]
[PlyCount "106"]
[GameId "2160767909229527"]
[EventDate "2013.09.06"]
[EventType "swiss"]
[EventRounds "5"]
[EventCountry "CAN"]
[SourceTitle "hb 2013"]

1. e4 c5 2. Nc3 Nc6 3. g3 g6 4. Bg2 Bg7 5. d3 d6 6. f4 e6 7. Nf3 Nge7 8. O-O O-O 9. Be3 Nd4 10. e5 Nec6 11. Ne4 dxe5 12. Nxe5 Nxe5 13. fxe5 Bxe5 14. c3 Nf5 15. Bxc5 Re8 16. Qf3 Bd7 17. g4 Bc6 18. gxf5 exf5 19. Qf2 fxe4 20. Qxf7+ Kh8 21. d4 Bd5 22. Qf2 Bg7 23. Qe3 b6 24. Ba3 Qh4 25. Bd6 Re6 26. Bg3 Qe7 27. b3 b5 28. Rac1 Rc6 29. Bh3 Rd8 30. Rf2 h5 31. Bf4 Rf8 32. Bg5 Qe8 33. Rcf1 Rxf2 34. Rxf2 Kh7 35. Rc2 Qh8 36. Kh1 Bxd4 37. Qe2 Bxc3 38. Qxb5 Qd4 39. Qb7+ Kh8 40. Qa8+ Bg8 41. Rc1 Qd5 42. Bf4 Rf6 43. Qb8 Bd2 44. Be5 Bxc1 45. Bxf6+ Kh7 46. Qc7+ Qf7 47. Qxc1 Qxf6 48. Bg2 Qe5 49. Qe1 Bd5 50. h3 e3 51. Qe2 Qd4 52. Bxd5 Qxd5+ 53. Kh2 Qd2 0-1

[Event "Montreal op"]
[Site "Montreal CAN"]
[Date "2013.09.07"]
[Round "2"]
[White "Dumont, Felix"]
[Black "Le Duin, Thierry"]
[Result "0-1"]
[Annotator ",user"]
[WhiteElo "2144"]
[BlackElo "2015"]
[PlyCount "47"]
[GameId "2160767739316924"]
[EventDate "2013.09.06"]
[EventType "swiss"]
[EventRounds "5"]
[EventCountry "CAN"]
[SourceTitle "hb 2013"]

1. c4 Nf6 2. Nc3 c6 3. e4 d5 4. e5 d4 5. Nce2 Ng4 6. Nf3 c5 7. h3 Nh6 8. Ng5 Nc6 9. f4 d3 10. Nc3 Nb4 11. Qf3 Nc2+ 12. Kd1 Nxa1 13. Bxd3 Nf5 14. e6 fxe6 15. Re1 Qb6 16. Bxf5 exf5 17. Qd5 Qc6 18. Qf7+ Kd8 19. b3 h6 20. Qh5 g6 21. Qh4 Qf6 22. Nd5 hxg5 23. Qf2 Qd4 24. Qg3 {...} 0-1

[Event "Montreal op"]
[Site "Montreal CAN"]
[Date "2013.09.07"]
[Round "2"]
[White "Gueorguiev, Valentin"]
[Black "Yu, Zong Yang"]
[Result "1/2-1/2"]
[WhiteElo "1887"]
[BlackElo "2070"]
[PlyCount "269"]
[GameId "2160767909229528"]
[EventDate "2013.09.06"]
[EventType "swiss"]
[EventRounds "5"]
[EventCountry "CAN"]
[SourceTitle "hb 2013"]

1. c4 Nf6 2. g3 g6 3. b3 Bg7 4. Bb2 d6 5. Bg2 O-O 6. Nf3 e5 7. O-O Re8 8. Nc3 Na6 9. d3 c6 10. Qc2 Nb4 11. Qc1 a5 12. a3 Na6 13. Qc2 Bd7 14. Rad1 Rc8 15. Ne4 Qe7 16. Qd2 b6 17. Rfe1 Rcd8 18. Nfg5 d5 19. cxd5 cxd5 20. Nxf6+ Bxf6 21. Nf3 Nc5 22. b4 Na4 23. Ba1 axb4 24. axb4 b5 25. Rc1 Rc8 26. h4 Nb6 27. Rxc8 Bxc8 28. Rc1 Bg4 29. Rc5 e4 30. Bxf6 Qxf6 31. Nh2 Bf5 32. Rxb5 Qd4 33. Qe3 Qa1+ 34. Nf1 d4 35. Qd2 Qc3 36. Qg5 exd3 37. exd3 Nd7 38. Rxf5 h6 39. Qg4 Ne5 40. Rxe5 Rxe5 41. Be4 Kg7 42. Qf4 Rb5 43. g4 Qxb4 44. g5 hxg5 45. hxg5 Qe7 46. Bg2 Qd8 47. Nd2 Rxg5 48. Nf3 Ra5 49. Nxd4 Qg5 50. Qxg5 Rxg5 51. Nc6 Rc5 52. d4 Rc1+ 53. Kh2 Rd1 54. Kg3 f5 55. Kf3 Kf6 56. Ke2 Rg1 57. Bf1 Ke6 58. Ne5 Kd5 59. Nf3 Rg4 60. Kd3 Kd6 61. Ne5 Rg1 62. Be2 g5 63. Nc4+ Kd7 64. d5 Rg2 65. Ke3 Rh2 66. d6 Rh4 67. Bd3 Kc6 68. f3 Rf4 69. Be2 Rh4 70. Kd3 Rf4 71. Ke3 Rh4 72. Bd3 Rf4 73. Ne5+ Kxd6 74. Nf7+ Ke7 75. Nxg5 Ra4 76. Bxf5 Kf6 77. Bc2 Ra3+ 78. Kf4 Ke7 79. Be4 Kf6 80. Nh3 Rb3 81. Nf2 Ke6 82. Bf5+ Kd6 83. Ne4+ Kc7 84. Kg4 Rxf3 85. Kxf3 Kc6 86. Ke3 Kb5 87. Kd3 Kc6 88. Kc4 Kc7 89. Kc5 Kd8 90. Kd6 Ke8 91. Nc5 Kf7 92. Ke5 Ke7 93. Ne4 Kf7 94. Kd6 Kf8 95. Ke6 Kg7 96. Ng3 Kg8 97. Kf6 Kh8 98. Be6 Kh7 99. Nf5 Kh8 100. Ne7 Kh7 101. Ng6 Kh6 102. Bg8 Kh5 103. Ne5 Kh4 104. Bf7 Kg3 105. Kf5 Kf2 106. Kf4 Ke2 107. Nc4 Kd3 108. Ke5 Kc3 109. Ke4 Kb3 110. Kd4 Ka2 111. Nd2+ Kb2 112. Nb3 Ka2 113. Kc3 Kb1 114. Bg6+ Ka2 115. Kc2 Ka3 116. Nc1 Kb4 117. Nd3+ Kc4 118. Kb2 Kd4 119. Kb3 Kd5 120. Kc3 Kd6 121. Kd4 Ke6 122. Nf4+ Kf6 123. Ke4 Kg5 124. Ke5 Kh6 125. Kf5 Kg7 126. Kg5 Kg8 127. Kf6 Kh8 128. Bf5 Kg8 129. Ng6 Kh7 130. Ne7+ Kh8 131. Be6 Kh7 132. Ng8 Kh8 133. Kf7 Kh7 134. Bf5+ Kh8 135. Ne7 1/2-1/2

[Event "Montreal op"]
[Site "Montreal CAN"]
[Date "2013.09.07"]
[Round "2"]
[White "Masse, Hugues"]
[Black "Luo, Zhao Yang"]
[Result "1-0"]
[WhiteElo "2169"]
[BlackElo "1981"]
[PlyCount "57"]
[GameId "2160767909229531"]
[EventDate "2013.09.06"]
[EventType "swiss"]
[EventRounds "5"]
[EventCountry "CAN"]
[SourceTitle "hb 2013"]

1. d4 d5 2. c4 Nf6 3. cxd5 Qxd5 4. Nc3 Qa5 5. Nf3 e6 6. e3 Be7 7. Bd3 O-O 8. O-O c5 9. Bd2 Qd8 10. Qe2 Nc6 11. dxc5 Bxc5 12. Rac1 Qe7 13. Ne4 Bb4 14. Nxf6+ Qxf6 15. Rxc6 Bxd2 16. Rxc8 Raxc8 17. Qxd2 Rfd8 18. Qe2 Rd6 19. h3 Rb6 20. Nd4 Qe7 21. Qd2 Qd7 22. Rc1 Rd8 23. Qc2 e5 24. Bxh7+ Kh8 25. Bf5 Qd5 26. Nb3 Ra6 27. Be4 Qd6 28. Nc5 Rc8 29. Bxb7 1-0

[Event "Montreal op"]
[Site "Montreal CAN"]
[Date "2013.09.07"]
[Round "2"]
[White "Nicula, Marius"]
[Black "Sambuev, Bator"]
[Result "0-1"]
[WhiteElo "2184"]
[BlackElo "2562"]
[PlyCount "74"]
[GameId "2160767909229532"]
[EventDate "2013.09.06"]
[EventType "swiss"]
[EventRounds "5"]
[EventCountry "CAN"]
[SourceTitle "hb 2013"]

1. Nf3 d5 2. g3 Bg4 3. Bg2 Nd7 4. c4 e6 5. b3 Ngf6 6. O-O Be7 7. Bb2 O-O 8. d4 c6 9. Nbd2 Qa5 10. a3 Qa6 11. h3 Bh5 12. Re1 Rfd8 13. e3 c5 14. Bf1 dxc4 15. bxc4 Qb6 16. Bc3 Qc7 17. Qb3 Rac8 18. Bg2 cxd4 19. exd4 b6 20. Re3 Ne8 21. Rae1 Bf6 22. Bf1 Nd6 23. g4 Bg6 24. Bb4 h6 25. Bxd6 Qxd6 26. Ne4 Qf4 27. Nxf6+ Nxf6 28. Ne5 Be4 29. f3 Rxd4 30. Nxf7 Qg3+ 31. Bg2 Rd2 32. R1e2 Rxe2 33. Nxh6+ gxh6 34. Rxe2 Rd8 35. c5 Rd3 36. Qxe6+ Kg7 37. Rf2 Rd1+ 0-1

[Event "Montreal op"]
[Site "Montreal CAN"]
[Date "2013.09.07"]
[Round "2"]
[White "Nikulich, Oleksandr"]
[Black "Zhou, Qiyu"]
[Result "1/2-1/2"]
[WhiteElo "2117"]
[BlackElo "2007"]
[PlyCount "63"]
[GameId "2160767909229533"]
[EventDate "2013.09.06"]
[EventType "swiss"]
[EventRounds "5"]
[EventCountry "CAN"]
[SourceTitle "hb 2013"]

1. c4 e5 2. Nf3 Nc6 3. Nc3 Nf6 4. e3 d6 5. d4 g6 6. Be2 Bg7 7. O-O O-O 8. a3 a5 9. b3 exd4 10. exd4 Re8 11. d5 Nh5 12. Bg5 f6 13. Bh4 Ne7 14. Nd4 Nf4 15. Bf3 Nf5 16. Bg3 Bh6 17. Ne4 Rxe4 18. Bxe4 Nxd4 19. Bxf4 Bxf4 20. Qxd4 Be5 21. Qd2 Bxa1 22. Rxa1 b6 23. Re1 Bd7 24. Bc2 Qf8 25. a4 Re8 26. Re3 Rxe3 27. Qxe3 Qe8 28. Qxe8+ Bxe8 29. f4 Bd7 30. Kf2 Kg7 31. h3 f5 32. g3 1/2-1/2

[Event "Montreal op"]
[Site "Montreal CAN"]
[Date "2013.09.07"]
[Round "2"]
[White "Poulin, Mathieu"]
[Black "Cvetkovic, Simeon"]
[Result "0-1"]
[WhiteElo "2080"]
[BlackElo "1964"]
[PlyCount "58"]
[GameId "2160767909229534"]
[EventDate "2013.09.06"]
[EventType "swiss"]
[EventRounds "5"]
[EventCountry "CAN"]
[SourceTitle "hb 2013"]

1. d4 d6 2. c4 f5 3. Nf3 Nf6 4. g3 g6 5. Bg2 Bg7 6. O-O O-O 7. Nc3 c6 8. Re1 Na6 9. Bg5 h6 10. Bf4 g5 11. Bc1 Qe8 12. e4 fxe4 13. Nxe4 Nxe4 14. Rxe4 Bf5 15. Re3 Qf7 16. Qe2 Rae8 17. Rb3 e5 18. dxe5 dxe5 19. Qe3 b6 20. Nd2 e4 21. Rb1 c5 22. a3 Bd4 23. Qe1 Kg7 24. Ra1 Bg6 25. Re3 Nb8 26. Nf1 Nc6 27. Bd2 Ne5 28. Bc3 Nd3 29. Qd2 Qxf2+ 0-1

[Event "Montreal op"]
[Site "Montreal CAN"]
[Date "2013.09.07"]
[Round "2"]
[White "Prahov, Valentin"]
[Black "Qin, Zi Yi (Joey)"]
[Result "1/2-1/2"]
[WhiteElo "2135"]
[BlackElo "2333"]
[PlyCount "52"]
[GameId "2160767909229535"]
[EventDate "2013.09.06"]
[EventType "swiss"]
[EventRounds "5"]
[EventCountry "CAN"]
[SourceTitle "hb 2013"]

1. e4 c5 2. d4 cxd4 3. c3 Nf6 4. e5 Nd5 5. cxd4 d6 6. Nf3 Nc6 7. Bc4 e6 8. O-O Be7 9. Nc3 Nxc3 10. bxc3 dxe5 11. Nxe5 Nxe5 12. dxe5 O-O 13. Bf4 Qc7 14. Qe2 Bd7 15. Rab1 Bc6 16. Bd3 Rfd8 17. Rfd1 Rac8 18. h4 Rd7 19. h5 Qa5 20. Bxh7+ Kxh7 21. Rxd7 Bxd7 22. Qd3+ Kg8 23. Qxd7 Rc7 24. Qe8+ Bf8 25. h6 Qc5 26. hxg7 Kxg7 1/2-1/2

[Event "Montreal op"]
[Site "Montreal CAN"]
[Date "2013.09.07"]
[Round "2"]
[White "Sprumont, Oscar"]
[Black "Robichaud, Louis"]
[Result "1-0"]
[WhiteElo "1964"]
[BlackElo "2083"]
[PlyCount "59"]
[GameId "2160767909229536"]
[EventDate "2013.09.06"]
[EventType "swiss"]
[EventRounds "5"]
[EventCountry "CAN"]
[SourceTitle "hb 2013"]

1. Nf3 Nf6 2. c4 g6 3. g3 Bg7 4. Bg2 O-O 5. O-O d6 6. Nc3 e5 7. d3 Nc6 8. Rb1 a5 9. a3 h6 10. b4 axb4 11. axb4 Be6 12. b5 Ne7 13. Bb2 Nd7 14. Nd2 c6 15. Ra1 Qc7 16. Qc2 f5 17. bxc6 bxc6 18. Nb5 Qb6 19. Nxd6 Qb4 20. c5 Rfb8 21. N6c4 Qb7 22. Ba3 Qc7 23. Rab1 Ra6 24. Rxb8+ Qxb8 25. Rb1 Qa7 26. Qb3 Nd5 27. Kf1 f4 28. Ke1 Kh7 29. Qb7 fxg3 30. hxg3 1-0

[Event "Montreal op"]
[Site "Montreal CAN"]
[Date "2013.09.07"]
[Round "2"]
[White "Zhu, Hong Rui"]
[Black "Langlois-Remillard, Alexis"]
[Result "1-0"]
[WhiteElo "2066"]
[BlackElo "1941"]
[PlyCount "69"]
[GameId "2160767909229537"]
[EventDate "2013.09.06"]
[EventType "swiss"]
[EventRounds "5"]
[EventCountry "CAN"]
[SourceTitle "hb 2013"]

1. e4 Nc6 2. Nf3 d6 3. d4 Nf6 4. Bd3 Bg4 5. c3 e5 6. Be3 Be7 7. Nbd2 O-O 8. h3 Bh5 9. g4 Bg6 10. d5 Nb8 11. h4 h6 12. h5 Bh7 13. g5 hxg5 14. h6 Nxd5 15. hxg7 Kxg7 16. Rxh7+ Kxh7 17. exd5+ Kg7 18. Qc2 Rh8 19. O-O-O Nd7 20. Ne4 f6 21. Rg1 Rh5 22. Qe2 Qh8 23. Ng3 Rh3 24. Bf5 Rxg3 25. Rxg3 Nf8 26. Rh3 Qg8 27. Qd3 Kf7 28. Nd2 a6 29. Qc4 Bd8 30. Qg4 Qg7 31. Ne4 Rb8 32. Be6+ Ke8 33. Ng3 c6 34. Nf5 Qc7 35. Qh5+ 1-0

[Event "Montreal op"]
[Site "Montreal CAN"]
[Date "2013.09.07"]
[Round "3"]
[White "Bouchard, Jean-Marc"]
[Black "Nikulich, Oleksandr"]
[Result "1/2-1/2"]
[WhiteElo "1979"]
[BlackElo "2117"]
[PlyCount "51"]
[GameId "2160767909229538"]
[EventDate "2013.09.06"]
[EventType "swiss"]
[EventRounds "5"]
[EventCountry "CAN"]
[SourceTitle "hb 2013"]

1. Nf3 Nf6 2. g3 c5 3. Bg2 Nc6 4. d4 cxd4 5. Nxd4 e6 6. O-O Be7 7. c4 O-O 8. Nc3 a6 9. a3 Qc7 10. Nxc6 dxc6 11. b4 a5 12. Qa4 Bd7 13. b5 Rfc8 14. Bf4 e5 15. b6 Qxb6 16. Bxe5 Be6 17. Rab1 Qa6 18. Bxf6 gxf6 19. c5 Bxc5 20. Qh4 Bf8 21. Ne4 Bg7 22. Nxf6+ Bxf6 23. Qxf6 Rd8 24. Rfd1 Rxd1+ 25. Rxd1 Qxe2 26. Rd8+ 1/2-1/2

[Event "Montreal op"]
[Site "Montreal CAN"]
[Date "2013.09.07"]
[Round "3"]
[White "Cvetkovic, Simeon"]
[Black "Lopez Linares, Lizandro"]
[Result "0-1"]
[WhiteElo "1964"]
[BlackElo "2059"]
[PlyCount "152"]
[GameId "2160767909229540"]
[EventDate "2013.09.06"]
[EventType "swiss"]
[EventRounds "5"]
[EventCountry "CAN"]
[SourceTitle "EXT 2022"]
[Source "ChessBase"]
[SourceDate "2021.10.06"]
[SourceVersion "1"]
[SourceVersionDate "2021.10.06"]
[SourceQuality "1"]

1. g3 d5 2. Bg2 Nf6 3. Nf3 g6 4. O-O Bg7 5. d3 O-O 6. Nbd2 Nbd7 7. e4 dxe4 8. Nxe4 c6 9. Re1 h6 10. Qe2 Nb6 11. h3 Nxe4 12. Qxe4 e6 13. d4 a5 14. Ne5 Nd5 15. c4 Nf6 16. Qe3 Bd7 17. b3 Re8 18. a4 Qc7 19. Ba3 Rad8 20. Rad1 Bc8 21. f4 Nd7 22. h4 h5 23. Bf3 Nxe5 24. dxe5 b6 25. Bd6 Qb7 26. Qe4 Bd7 27. Rd3 Ra8 28. Red1 Rec8 29. g4 hxg4 30. Bxg4 Ra7 31. Bf3 Be8 32. R1d2 b5 33. Bc5 bxc4 34. Qxc4 Raa8 35. Kg2 Qa6 36. Qc1 Bh6 37. Kg3 Rab8 38. Bd1 Kg7 39. Be2 Rb7 40. Rc3 Qa8 41. Qd1 Rbb8 42. Bc4 Rd8 43. Rcd3 Rd5 44. Bxd5 cxd5 45. Rc3 d4 46. Rxd4 Bc6 47. Bd6 Rh8 48. Bc7 Bh1 49. Qg1 Kh7 50. Kh2 Bd5 51. Qg3 Rc8 52. Bd6 Rxc3 53. Qxc3 Bh1 54. Qg3 Qb7 55. Rc4 Bc6 56. b4 axb4 57. Rxb4 Qa6 58. Qf2 Qd3 59. Rd4 Qb1 60. Kg3 Qb3+ 61. Kh2 Qb1 62. Kg3 Qb3+ 63. Kg4 Bxa4 64. Be7 Qb1 65. Rd8 Bd1+ 66. Kg3 Qb3+ 67. Kh2 Bf3 68. Bg5 Bg7 69. Rd7 Kg8 70. Rd8+ Kh7 71. Rd2 Bd5 72. Rd4 Bf8 73. Rd2 Qb1 74. Rc2 Qh1+ 75. Kg3 Bb4 76. Re2 Bc5 0-1

[Event "Montreal op"]
[Site "Montreal CAN"]
[Date "2013.09.07"]
[Round "3"]
[White "Ibrahim, Anthony"]
[Black "Zhu, Hong Rui"]
[Result "1/2-1/2"]
[WhiteElo "2157"]
[BlackElo "2066"]
[PlyCount "55"]
[GameId "2160767909229541"]
[EventDate "2013.09.06"]
[EventType "swiss"]
[EventRounds "5"]
[EventCountry "CAN"]
[SourceTitle "hb 2013"]

1. d4 d5 2. c4 e6 3. Nf3 Nf6 4. g3 Be7 5. Bg2 O-O 6. O-O c5 7. dxc5 Bxc5 8. Bg5 dxc4 9. Qc2 Be7 10. Qxc4 Nc6 11. Nc3 Qa5 12. Rfd1 e5 13. Nd5 Be6 14. Bxf6 Bxf6 15. Nxf6+ gxf6 16. Qh4 Kg7 17. Nd2 Qb4 18. Ne4 Qe7 19. Nd6 Nd4 20. e3 Qxd6 21. exd4 Rfd8 22. Bxb7 Rab8 23. Be4 h6 24. d5 Bd7 25. Rd2 Rdc8 26. Qh5 Rc5 27. Rad1 Rbb5 28. Bf5 1/2-1/2

[Event "Montreal op"]
[Site "Montreal CAN"]
[Date "2013.09.07"]
[Round "3"]
[White "Kleinman, Michael"]
[Black "Prahov, Valentin"]
[Result "1/2-1/2"]
[WhiteElo "2292"]
[BlackElo "2135"]
[PlyCount "63"]
[GameId "2160767909229542"]
[EventDate "2013.09.06"]
[EventType "swiss"]
[EventRounds "5"]
[EventCountry "CAN"]
[SourceTitle "EXT 2022"]
[Source "ChessBase"]
[SourceDate "2021.10.06"]
[SourceVersion "1"]
[SourceVersionDate "2021.10.06"]
[SourceQuality "1"]

1. e4 c5 2. Nf3 e6 3. g3 Nc6 4. Bg2 Nf6 5. Qe2 d5 6. exd5 Nxd5 7. O-O Be7 8. Rd1 Bf6 9. Nc3 Nxc3 10. dxc3 Qb6 11. Nd2 O-O 12. Nc4 Qa6 13. Kf1 Na5 14. Nd6 Qxe2+ 15. Kxe2 Rb8 16. Bf4 b6 17. Nxc8 Rbxc8 18. Rd7 Nc4 19. Rb1 a5 20. Bb7 Rcd8 21. Rxd8 Rxd8 22. Ba6 Nd6 23. Ke1 Kf8 24. a4 Ke7 25. f3 g5 26. Be3 Nf5 27. Bf2 h5 28. Rd1 Rxd1+ 29. Kxd1 Kd6 30. Kd2 Be5 31. Be3 Nxe3 32. Kxe3 1/2-1/2

[Event "Montreal op"]
[Site "Montreal CAN"]
[Date "2013.09.07"]
[Round "3"]
[White "Langlois-Remillard, Alexis"]
[Black "Dumont, Felix"]
[Result "1/2-1/2"]
[WhiteElo "1941"]
[BlackElo "2144"]
[PlyCount "138"]
[GameId "2160767909229543"]
[EventDate "2013.09.06"]
[EventType "swiss"]
[EventRounds "5"]
[EventCountry "CAN"]
[SourceTitle "hb 2013"]

1. g3 c5 2. Bg2 g6 3. Nf3 Bg7 4. O-O Nf6 5. c3 O-O 6. b3 d5 7. Bb2 Nc6 8. d4 b6 9. Nbd2 Bb7 10. Rc1 Rc8 11. Rc2 Re8 12. Qa1 cxd4 13. cxd4 Nb4 14. Rxc8 Qxc8 15. Rc1 Qe6 16. Ne5 Rc8 17. Rxc8+ Qxc8 18. a3 Nc6 19. f4 e6 20. h3 Na5 21. b4 Qc2 22. Qc1 Qxc1+ 23. Bxc1 Nc6 24. Bb2 Ne8 25. b5 Ne7 26. g4 Nd6 27. a4 f6 28. Nd3 a6 29. Ba3 Nec8 30. bxa6 Bxa6 31. Kf2 Nc4 32. Nxc4 Bxc4 33. Nb2 Bb3 34. Ke3 Bh6 35. Kf3 Bf8 36. Bxf8 Kxf8 37. Ke3 Nd6 38. Kd3 Ke7 39. Kc3 Ba2 40. e3 Bb1 41. Nd3 h6 42. Bf3 Kd7 43. h4 Kc7 44. Be2 Ba2 45. Nb4 Bb1 46. Nd3 Ba2 47. Nb4 Bc4 48. Bxc4 Nxc4 49. e4 Kd6 50. exd5 exd5 51. g5 fxg5 52. fxg5 hxg5 53. hxg5 Ke6 54. Nc6 Nd6 55. Kb4 Nc4 56. Kc3 Kd6 57. Nb4 Ke6 58. Nc6 Kd6 59. Nb4 Ne3 60. Kd3 Nd1 61. Kc2 Nf2 62. Nd3 Ne4 63. Nf4 Nxg5 64. Nxg6 Ne4 65. Nf4 Nf6 66. Kb3 Kc6 67. Kb4 Ne8 68. Nxd5 Kxd5 69. Kb5 Nd6+ 1/2-1/2